000
00343pab a2200145 454500
008
180718b2000 xxu||||| |||| 00| 0 eng d
100
_a
Gourdon, Come Carpentier De
245
_a
Whither the European Union?
260
_c
2000
300
_a
p.66-79
362
_a
Jul
650
_a
European Union
773
_a
World Affairs
909
_a
46765
999
_c
46765
_d
46765